<?xml version="1.0" encoding="UTF-8"?>
<record
    xmlns:xsi="http://www.w3.org/2001/XMLSchema-instance"
    xsi:schemaLocation="http://www.loc.gov/MARC21/slim http://www.loc.gov/standards/marcxml/schema/MARC21slim.xsd"
    xmlns="http://www.loc.gov/MARC21/slim">

  <leader>01444nam a2200229Ia 4500</leader>
  <controlfield tag="008">120720s1999    mx            000 0 spa d</controlfield>
  <datafield tag="020" ind1=" " ind2=" ">
    <subfield code="a">9706134174 (colecci&#xF3;n)</subfield>
  </datafield>
  <datafield tag="020" ind1=" " ind2=" ">
    <subfield code="a">9706134190</subfield>
  </datafield>
  <datafield tag="050" ind1=" " ind2=" ">
    <subfield code="a">JC11</subfield>
    <subfield code="b">J46 1999</subfield>
  </datafield>
  <datafield tag="100" ind1="1" ind2=" ">
    <subfield code="a">Jellinek, Georg</subfield>
    <subfield code="e">autor</subfield>
  </datafield>
  <datafield tag="245" ind1=" " ind2=" ">
    <subfield code="a">Teor&#xED;a general del Estado</subfield>
    <subfield code="c"> / Georg Jellinek</subfield>
  </datafield>
  <datafield tag="260" ind1=" " ind2=" ">
    <subfield code="a">M&#xE9;xico</subfield>
    <subfield code="b">: Oxford University Press</subfield>
    <subfield code="c">, 1999</subfield>
  </datafield>
  <datafield tag="300" ind1=" " ind2=" ">
    <subfield code="a">473 p&#xE1;ginas</subfield>
  </datafield>
  <datafield tag="336" ind1=" " ind2=" ">
    <subfield code="a">texto</subfield>
  </datafield>
  <datafield tag="337" ind1=" " ind2=" ">
    <subfield code="a">sin medio</subfield>
  </datafield>
  <datafield tag="338" ind1=" " ind2=" ">
    <subfield code="a">volumen</subfield>
  </datafield>
  <datafield tag="505" ind1=" " ind2=" ">
    <subfield code="a">El problema de la doctrina del Estado
El m&#xE9;todo de la doctrina del Estado
Historia de la doctrina del Estado
Relaciones de la doctrina del Estado con la totalidad de ciencias
Doctrina general social del Estado
El nombre del Estado
De la naturaleza del Estado
Las doctrinas sobre la justificaci&#xF3;n del Estado
Doctrina de los fines del Estado
Origen y desaparici&#xF3;n de los Estados
Tipos hist&#xF3;ricos fundamentales de Estado
El Estado y el derecho
Teor&#xED;a general del derecho pol&#xED;tico
Las partes del derecho p&#xFA;blico
Situaci&#xF3;n jur&#xED;dica de los elementos del Estado
Las propiedades del poder del Estado
La Constituci&#xF3;n del Estado
Los &#xF3;rganos del Estado
La representaci&#xF3;n y los organos representativos
Las funciones del Estado
La estructura del Estado
Las formas del Estado
Uniones de Estados
Las garant&#xED;as del derecho p&#xFA;blico</subfield>
  </datafield>
  <datafield tag="519" ind1=" " ind2=" ">
    <subfield code="a">Material complementario / </subfield>
    <subfield code="d">(03 000145)</subfield>
  </datafield>
  <datafield tag="650" ind1="1" ind2="4">
    <subfield code="a">ESTADO</subfield>
  </datafield>
  <datafield tag="650" ind1="2" ind2="4">
    <subfield code="a">CIENCIA POL&#xCD;TICA</subfield>
  </datafield>
  <datafield tag="942" ind1=" " ind2=" ">
    <subfield code="c">LB</subfield>
  </datafield>
  <datafield tag="952" ind1=" " ind2=" ">
    <subfield code="0">0</subfield>
    <subfield code="1">0</subfield>
    <subfield code="2">lcc</subfield>
    <subfield code="3">v.2</subfield>
    <subfield code="4">0</subfield>
    <subfield code="7">0</subfield>
    <subfield code="a">03</subfield>
    <subfield code="b">03</subfield>
    <subfield code="d">2001-05-15</subfield>
    <subfield code="l">3</subfield>
    <subfield code="o">JC11 J4 1999</subfield>
    <subfield code="p">03 000145</subfield>
    <subfield code="r">2017-08-03</subfield>
    <subfield code="s">2017-08-03</subfield>
    <subfield code="t">1</subfield>
    <subfield code="w">2012-07-20</subfield>
    <subfield code="y">LB</subfield>
  </datafield>
  <datafield tag="999" ind1=" " ind2=" ">
    <subfield code="c">78526</subfield>
    <subfield code="d">78526</subfield>
  </datafield>
</record>
